Poemas arábigoandaluces

Enregistré dans:
Détails bibliographiques
Auteur principal: García Gómez, Emilio (Auteur)
Format: Livre
Langue:espagnol
Publié: Buenos Aires Espasa-Calpe 1942
Édition:2a. ed
Collection:Colección Austral, 162
Sujets:
Tags: Ajouter un tag
Pas de tags, Soyez le premier à ajouter un tag!

MARC

LEADER 00000nam a2200000 a 4500
001 UCY9774
003 CL-VaPUC
008 950720e19420000AG |||||||||||||||||spa|d
082 0 4 |a 861  |b GAR  |2 21 
100 |a García Gómez, Emilio  |e author  |9 450271 
245 1 0 |a Poemas arábigoandaluces 
250 |a 2a. ed 
300 |a 185 p 
942 |c BK 
945 |d 19950720 00:00:00  |a rbrito 
260 |a Buenos Aires  |b Espasa-Calpe  |c 1942 
650 0 |a Poesías españolas  |9 265100 
650 7 |a POESIAS ARABES  |2 CL-VaPUC  |9 267586 
650 7 |a POESIAS ANDALUZAS  |2 CL-VaPUC  |9 342318 
583 |a last modification  |c 19950720 00:00:00  |k Rodrigo Vera 
490 0 |a Colección Austral, 162 
999 |c 236812  |d 236810 
952 |0 0  |1 0  |4 0  |6 861_000000000000000_GAR_1942  |7 0  |8 A  |9 245148  |a BIBEDU  |b BIBEDU  |d 2019-11-18  |i 3100138  |o 861 GAR 1942  |p 3100138  |r 2019-11-18  |w 2019-11-18  |y BK  |k LIT